000 00476nam a2200181Ia 4500
001 11785
005 20260306162853.0
008 260306t2020||||xx |||||||||||||| ||spa||
041 _aESP
082 _aHR 200
_bOTOÑO 2020 HUMANITAS
110 _aPontificia Universidad Católica de Chile
245 0 _aHumanitas :
_brevista de antropología y cultura cristiana
260 _c2020
300 _a
_c24 cm.
650 _aGEN
654 _aCHU
942 _cREV
_dJUS
_fJUS
_2ddc
_n
999 _c11785
_d11785